000
00198 a2200097 4500
001
19930
100
_a
Mackintosh
245
_a
Juggernaut
260
_a
_b
Secker & Warbung
_c
090
_c
14540
_d
14540
942
_a
NUST-CAE
_c
M
_c
5048
999
_c
255003
_d
255003